[Event "Vellmar Chess Days"]
[Site "chess24.com"]
[Date "2015.08.07"]
[Round "3.7"]
[White "Hilverda, Alexander"]
[Black "Krausse, Eckhard"]
[Result "1-0"]
[WhiteElo "2382"]
[BlackElo "1999"]
[PlyCount "43"]
[EventDate "2015.??.??"]
[WhiteTeam "Germany"]
[BlackTeam "Germany"]
[WhiteTeamCountry "GER"]
[BlackTeamCountry "GER"]
[WhiteClock "0:35:57"]
[BlackClock "0:27:45"]

1. d4 Nf6 2. c4 c5 3. d5 b5 4. cxb5 a6 5. bxa6 Bxa6 6. Nc3 g6 7. Nf3 d6 8. e4
Bxf1 9. Kxf1 Bg7 10. g3 O-O 11. Kg2 Nbd7 12. a4 Qb6 13. Qe2 Rfb8 14. Nb5 Qb7
15. Ra2 c4 16. Nfd4 Nc5 17. Nc6 Re8 18. Qxc4 Ncxe4 19. f3 Nc5 20. Re1 Rac8 21.
b4 Ncd7 22. Rxe7 1-0

[Event "Vellmar Chess Days"]
[Site "chess24.com"]
[Date "2015.08.07"]
[Round "3.8"]
[White "Rothe, Guido"]
[Black "Werner, Martin"]
[Result "0-1"]
[WhiteElo "2179"]
[BlackElo "1993"]
[PlyCount "48"]
[EventDate "2015.??.??"]
[WhiteTeam "Germany"]
[BlackTeam "Germany"]
[WhiteTeamCountry "GER"]
[BlackTeamCountry "GER"]
[WhiteClock "0:44:45"]
[BlackClock "0:39:01"]

1. c4 e6 2. Nf3 d5 3. g3 c5 4. Bg2 Nc6 5. O-O Nf6 6. b3 Be7 7. Bb2 d4 8. d3 O-O
9. e3 e5 10. b4 cxb4 11. exd4 exd4 12. Nbd2 Qb6 13. Re1 Bg4 14. h3 Bxf3 15.
Qxf3 Rfe8 16. Nb3 a5 17. Qf5 a4 18. c5 Qa6 19. Nxd4 a3 20. Nxc6 axb2 21. Nxe7+
Rxe7 22. Rad1 Rxe1+ 23. Rxe1 Qxa2 24. d4 Qa1 0-1

[Event "Vellmar Chess Days"]
[Site "chess24.com"]
[Date "2015.08.07"]
[Round "3.9"]
[White "Hansult, Manfred"]
[Black "Jeske, Mark"]
[Result "0-1"]
[WhiteElo "1950"]
[BlackElo "2124"]
[PlyCount "73"]
[EventDate "2015.??.??"]
[WhiteTeam "Germany"]
[BlackTeam "Germany"]
[WhiteTeamCountry "GER"]
[BlackTeamCountry "GER"]
[WhiteClock "0:00:48"]
[BlackClock "0:02:54"]

1. d4 Nf6 2. Nf3 e6 3. e3 b6 4. Bd3 Bb7 5. O-O c5 6. c3 d6 7. Nbd2 Nbd7 8. Qe2
Qc7 9. Re1 Be7 10. e4 e5 11. Nf1 O-O 12. Ng3 Rfe8 13. d5 Bf8 14. c4 g6 15. h4
Bg7 16. h5 Bc8 17. Nh2 Nf8 18. Be3 h6 19. hxg6 fxg6 20. Qd2 g5 21. Be2 Qf7 22.
Bf3 Ng6 23. Nh5 Rf8 24. Nxf6+ Qxf6 25. Bg4 Nh4 26. Bxc8 Raxc8 27. Nf1 Qg6 28.
Ng3 Rf4 29. Nf5 Rxf5 30. exf5 Qxf5 31. Qe2 Rf8 32. f3 e4 33. Rf1 exf3 34. gxf3
Nxf3+ 35. Rxf3 Qxf3 36. Qxf3 Rxf3 37. Bc1 0-1

[Event "Vellmar Chess Days"]
[Site "chess24.com"]
[Date "2015.08.07"]
[Round "3.10"]
[White "Koellner, Ruben Gideon"]
[Black "Zahn, Richard"]
[Result "0-1"]
[WhiteElo "1790"]
[BlackElo "2091"]
[PlyCount "70"]
[EventDate "2015.??.??"]
[WhiteTeam "Germany"]
[BlackTeam "Germany"]
[WhiteTeamCountry "GER"]
[BlackTeamCountry "GER"]
[WhiteClock "0:31:26"]
[BlackClock "0:23:14"]

1. d4 e6 2. Nf3 f5 3. g3 Nf6 4. Bg2 d5 5. b3 c6 6. O-O Bd6 7. Ba3 Bxa3 8. Nxa3
Qe7 9. Nb1 Nbd7 10. Nbd2 O-O 11. e3 Ne4 12. Nxe4 fxe4 13. Nd2 e5 14. c3 Nf6 15.
Qe2 Bd7 16. f3 exf3 17. Bxf3 e4 18. Bg2 Bg4 19. Qe1 Qd7 20. Rf2 Rf7 21. Qf1
Raf8 22. h3 Be6 23. h4 Qd6 24. Rf4 Nh5 25. Rxf7 Rxf7 26. Qe1 Nxg3 27. Nf1 Nxf1
28. Bxf1 Bg4 29. Rb1 Rf6 30. Rb2 Bf3 31. Bg2 Rg6 32. Kh1 Qf6 33. Rf2 Qxh4+ 34.
Kg1 Qf6 35. Rb2 Qe6 0-1

[Event "Vellmar Chess Days"]
[Site "chess24.com"]
[Date "2015.08.07"]
[Round "3.11"]
[White "Schirra, Maurice"]
[Black "Verhoef, Pieter"]
[Result "1/2-1/2"]
[WhiteElo "1828"]
[BlackElo "2015"]
[PlyCount "132"]
[EventDate "2015.??.??"]
[WhiteTeam "Germany"]
[BlackTeam "Netherlands"]
[WhiteTeamCountry "GER"]
[BlackTeamCountry "NED"]
[WhiteClock "0:11:38"]
[BlackClock "0:17:10"]

1. e4 e5 2. Nf3 Nf6 3. Nxe5 d6 4. Nf3 Nxe4 5. Nc3 Nxc3 6. dxc3 Be7 7. Be3 Nc6
8. Qd2 O-O 9. O-O-O Ne5 10. h4 c6 11. Bd4 Qa5 12. Kb1 Be6 13. a3 Qd5 14. b3
Nxf3 15. gxf3 c5 16. Be3 Qxd2 17. Rxd2 d5 18. Bg2 Rad8 19. Rhd1 b6 20. h5 Bf6
21. Kb2 Rd6 22. Bf4 Rd7 23. Bf1 Rfd8 24. Bb5 Re7 25. Be3 Rc8 26. Ba6 Rcc7 27.
Bf4 Rcd7 28. Bb5 d4 29. cxd4 Rxd4 30. Rxd4 Bd7 31. Bg5 cxd4 32. Bxf6 gxf6 33.
Bxd7 Rxd7 34. Kc1 Kg7 35. Kd2 Kh6 36. Kd3 Kxh5 37. Rh1+ Kg6 38. Rg1+ Kf5 39.
Rh1 Rc7 40. Rxh7 Ke6 41. Rh3 Rc3+ 42. Kxd4 Rxc2 43. Rh2 Kf5 44. Kd3 Ra2 45. a4
a6 46. Kc4 Rc2+ 47. Kd3 Rc6 48. Rh7 Kf4 49. Rh3 b5 50. axb5 axb5 51. b4 f5 52.
Rh7 Rc7 53. Rh5 Rd7+ 54. Kc3 Rd6 55. Rh7 Rd5 56. Rh3 Rd1 57. Rh7 Kxf3 58. Rxf7
Rd5 59. Rc7 Ke4 60. Rc5 Ke5 61. f4+ Ke4 62. Rxd5 Kxd5 63. Kd3 Ke6 64. Kd4 Kd6
65. Kc3 Kd5 66. Kd3 Ke6 1/2-1/2

[Event "Vellmar Chess Days"]
[Site "chess24.com"]
[Date "2015.08.07"]
[Round "3.12"]
[White "Fabregas, Oliver"]
[Black "Gassmann, Volker"]
[Result "1/2-1/2"]
[WhiteElo "1957"]
[BlackElo "2207"]
[PlyCount "99"]
[EventDate "2015.??.??"]
[WhiteTeam "Germany"]
[BlackTeam "Germany"]
[WhiteTeamCountry "GER"]
[BlackTeamCountry "GER"]
[WhiteClock "0:20:39"]
[BlackClock "0:40:57"]

1. Nf3 Nf6 2. g3 d5 3. Bg2 c6 4. O-O e6 5. b3 Be7 6. Bb2 O-O 7. d3 b6 8. Nbd2
Bb7 9. c4 Nbd7 10. d4 Ne4 11. Ne5 Nxd2 12. Nxd7 Nxf1 13. Nxf8 Qxf8 14. Bxf1 Rd8
15. Qc2 dxc4 16. Qxc4 c5 17. e3 Bf6 18. Rc1 Qe8 19. Bg2 Bxg2 20. Kxg2 Qd7 21.
Rc2 cxd4 22. Bxd4 Bxd4 23. exd4 h5 24. Rd2 Qb7+ 25. f3 Rd5 26. Rc2 g6 27. h4
Kg7 28. Kf2 Qd7 29. Ke3 b5 30. Qc7 e5 31. Qxd7 exd4+ 32. Ke4 Rxd7 33. Rd2 f5+
34. Ke5 d3 35. Ke6 Rd4 36. Ke5 Rd8 37. Kf4 Kf6 38. Ke3 g5 39. f4 gxh4 40. gxh4
Rg8 41. Rxd3 Ke6 42. Kf3 Rc8 43. Re3+ Kf6 44. Re5 a6 45. Rd5 Rc3+ 46. Ke2 Rc2+
47. Rd2 Rc6 48. Rd8 Rc2+ 49. Rd2 Rxd2+ 50. Kxd2 1/2-1/2

[Event "Vellmar Chess Days"]
[Site "chess24.com"]
[Date "2015.08.07"]
[Round "3.13"]
[White "Braun, Ingram"]
[Black "Rogozenco, Teodora"]
[Result "0-1"]
[WhiteElo "1949"]
[BlackElo "2096"]
[PlyCount "80"]
[EventDate "2015.??.??"]
[WhiteTeam "Germany"]
[BlackTeam "Germany"]
[WhiteTeamCountry "GER"]
[BlackTeamCountry "GER"]
[WhiteClock "0:00:53"]
[BlackClock "0:00:46"]

1. g3 d5 2. Bg2 Nf6 3. d3 e5 4. Nf3 Bd6 5. O-O O-O 6. c4 dxc4 7. dxc4 c6 8. Nc3
h6 9. Qc2 Qe7 10. e4 Nbd7 11. b3 a5 12. Bb2 Nc5 13. Rad1 Bg4 14. Rd2 Rad8 15.
Nh4 Ne6 16. h3 Nd4 17. Rxd4 exd4 18. Nb1 Bc8 19. Bxd4 Bc5 20. Bxc5 Qxc5 21. Nc3
b5 22. cxb5 cxb5 23. Rc1 Qh5 24. Nd5 Nxd5 25. exd5 Rfe8 26. Qd2 Qg5 27. Qd1 Bb7
28. d6 Rxd6 29. Qxd6 Qxc1+ 30. Kh2 Bxg2 31. Kxg2 Qc2 32. Qb6 Qe4+ 33. Nf3 Qb4
34. Qc6 Kf8 35. Qc2 Kg8 36. Qc6 Re2 37. Qc8+ Qf8 38. Qc6 Qe8 39. Qc3 Rxa2 40.
Qd3 Qe2 0-1

[Event "Vellmar Chess Days"]
[Site "chess24.com"]
[Date "2015.08.07"]
[Round "3.14"]
[White "Bleecke, Sebastian"]
[Black "Jans, Micha"]
[Result "1-0"]
[WhiteElo "1932"]
[BlackElo "2095"]
[PlyCount "31"]
[EventDate "2015.??.??"]
[WhiteTeam "Germany"]
[BlackTeam "Netherlands"]
[WhiteTeamCountry "GER"]
[BlackTeamCountry "NED"]
[WhiteClock "1:08:09"]
[BlackClock "0:50:26"]

1. e4 d5 2. exd5 Qxd5 3. Nc3 Qa5 4. d4 Nf6 5. Nf3 c6 6. Ne5 Bf5 7. g4 Be4 8.
Nc4 Qc7 9. Nxe4 Nxe4 10. Qf3 Nf6 11. Bf4 Qd8 12. O-O-O Qd5 13. Qe2 e6 14. g5
Qe4 15. Qxe4 Nxe4 16. Re1 1-0

[Event "Vellmar Chess Days"]
[Site "chess24.com"]
[Date "2015.08.07"]
[Round "3.15"]
[White "Von Auer, Ulrich"]
[Black "Grcic, Vukasin"]
[Result "1/2-1/2"]
[WhiteElo "2073"]
[BlackElo "1905"]
[PlyCount "52"]
[EventDate "2015.??.??"]
[WhiteTeam "Germany"]
[BlackTeam "Serbia"]
[WhiteTeamCountry "GER"]
[BlackTeamCountry "SRB"]
[WhiteClock "0:32:10"]
[BlackClock "1:12:35"]

1. d4 Nf6 2. c4 c5 3. d5 b5 4. Qc2 bxc4 5. e4 d6 6. Bxc4 g6 7. Nf3 Bg7 8. O-O
O-O 9. h3 Ba6 10. Na3 Bxc4 11. Nxc4 Nbd7 12. Rb1 Nb6 13. b3 Nxc4 14. Qxc4 Rb8
15. Bb2 Qa5 16. Bc3 Qb5 17. Nd2 Rb7 18. f3 Rfb8 19. Kf2 Nxe4+ 20. fxe4 Qxc4 21.
Nxc4 Bxc3 22. Ke2 Rb5 23. Kd3 Bd4 24. Kc2 Bf6 25. Nxd6 exd6 26. Rxf6 R5b6
1/2-1/2

[Event "Vellmar Chess Days"]
[Site "chess24.com"]
[Date "2015.08.07"]
[Round "3.16"]
[White "Sevall, Jacob"]
[Black "Nies, Peter"]
[Result "1/2-1/2"]
[WhiteElo "1931"]
[BlackElo "2056"]
[PlyCount "101"]
[EventDate "2015.??.??"]
[WhiteTeam "Germany"]
[BlackTeam "Germany"]
[WhiteTeamCountry "GER"]
[BlackTeamCountry "GER"]
[WhiteClock "1:23:23"]
[BlackClock "0:18:49"]

1. d4 e6 2. e4 d5 3. e5 c5 4. c3 Nc6 5. Nf3 Qb6 6. a3 Nh6 7. b4 cxd4 8. cxd4
Nf5 9. Bb2 Bd7 10. g4 Nh6 11. h3 f6 12. Nc3 fxe5 13. dxe5 Nf7 14. Bg2 Be7 15.
O-O O-O 16. Qe2 a6 17. Nxd5 exd5 18. e6 Be8 19. exf7+ Bxf7 20. Ne5 Nxe5 21.
Bxe5 Rae8 22. Qb2 Qh6 23. Rad1 Bd8 24. Kh2 d4 25. Qxd4 Bb6 26. Qb2 Bc4 27. Bd5+
Bxd5 28. Rxd5 Qe6 29. Rd6 Qc4 30. Rc1 Qe4 31. Rxb6 Rxe5 32. Qb3+ Kh8 33. Qe3
Qd5 34. Rc5 Rxe3 35. Rxd5 Rxf2+ 36. Kg1 Rf8 37. Rxb7 Rxh3 38. Ra5 Rg3+ 39. Kh2
Rxg4 40. Rxa6 h6 41. Ra5 Rf3 42. Re7 Rb3 43. Re2 Rgg3 44. Ra2 Kh7 45. b5 Rgc3
46. a4 h5 47. b6 Rh3+ 48. Kg2 Rbg3+ 49. Kf2 Rg6 50. b7 Rb6 51. Kg2 1/2-1/2

[Event "Vellmar Chess Days"]
[Site "chess24.com"]
[Date "2015.08.07"]
[Round "3.17"]
[White "Biastoch, Bennet"]
[Black "Kalkuhl, Thorsten"]
[Result "1-0"]
[WhiteElo "2046"]
[BlackElo "1731"]
[PlyCount "87"]
[EventDate "2015.??.??"]
[WhiteTeam "Germany"]
[BlackTeam "Germany"]
[WhiteTeamCountry "GER"]
[BlackTeamCountry "GER"]
[WhiteClock "0:30:49"]
[BlackClock "0:18:13"]

1. e4 c6 2. d4 d5 3. exd5 cxd5 4. c4 Nf6 5. Nc3 e6 6. Nf3 Nc6 7. cxd5 Nxd5 8.
Bd3 Be7 9. O-O O-O 10. Re1 Bf6 11. Ne4 Bxd4 12. Nxd4 Nxd4 13. Ng5 Nf6 14. b3 h6
15. Ne4 b6 16. Bb2 e5 17. f4 Bb7 18. fxe5 Nxe4 19. Bxe4 Bxe4 20. Rxe4 Ne6 21.
Qg4 Qg5 22. Qf3 Rac8 23. Rf1 Qe7 24. Qf2 Qc5 25. Qxc5 Nxc5 26. Rd4 Rc7 27. Rc1
Rfc8 28. Rdc4 Ne6 29. Rxc7 Rxc7 30. Rxc7 Nxc7 31. Kf2 Ne6 32. Ba3 Kh7 33. Ke3
Kg6 34. Ke4 Kg5 35. Bc1+ Kg4 36. Be3 h5 37. b4 h4 38. a4 h3 39. gxh3+ Kxh3 40.
Kd5 Kxh2 41. Kd6 g5 42. Ke7 Nf4 43. Kxf7 Kg2 44. e6 1-0

[Event "Vellmar Chess Days"]
[Site "chess24.com"]
[Date "2015.08.07"]
[Round "3.18"]
[White "Bauch, Frank"]
[Black "Ziegenfuss, Holger"]
[Result "0-1"]
[WhiteElo "1899"]
[BlackElo "2032"]
[PlyCount "170"]
[EventDate "2015.??.??"]
[WhiteTeam "Germany"]
[BlackTeam "Germany"]
[WhiteTeamCountry "GER"]
[BlackTeamCountry "GER"]
[WhiteClock "0:06:52"]
[BlackClock "0:03:44"]

1. d4 d5 2. c4 e5 3. dxe5 d4 4. Nf3 Nc6 5. g3 Nge7 6. Bg2 Ng6 7. O-O Ngxe5 8.
Nbd2 Be7 9. Nb3 Nxf3+ 10. Bxf3 Bh3 11. Re1 Qd7 12. Bd2 Rd8 13. Bg2 Ne5 14. Rc1
Bxg2 15. Kxg2 Nxc4 16. Kg1 Ne5 17. Bf4 Nc6 18. Nc5 Bxc5 19. Rxc5 O-O 20. b4 a6
21. a4 Rc8 22. Qb3 Qe7 23. Qc4 Nd8 24. Qxd4 Ne6 25. Qe4 Qd7 26. Rc4 Nxf4 27.
gxf4 c6 28. Rd4 Qg4+ 29. Qg2 Qe6 30. Qe4 Qh3 31. Rd3 Qh5 32. Qe5 Qh6 33. Rd7
Rce8 34. Qg5 Qh3 35. Rd3 Qxd3 36. exd3 Rxe1+ 37. Kg2 Rfe8 38. f5 f6 39. Qf4
R1e5 40. d4 R5e7 41. Qd6 Kf7 42. d5 cxd5 43. Qxd5+ Kf8 44. Qd6 Rc8 45. Kg3 Rc3+
46. f3 Rc8 47. h4 Rce8 48. Kf4 Kg8 49. Qd5+ Kh8 50. a5 h6 51. Kg3 Kh7 52. Kf4
Rc7 53. Kg4 Re5 54. Qd4 Rb5 55. f4 Re7 56. Kf3 Re1 57. Qc4 Rd1 58. h5 Rdd5 59.
Kg4 Rd7 60. Qe4 Rbd5 61. Qe8 Rd8 62. Qe7 R5d7 63. Qe4 Rc7 64. Qe6 Rc3 65. Qf7
Re3 66. Qxb7 Rdd3 67. Qg2 Rb3 68. Qf2 Rec3 69. Kh4 Rxb4 70. Qd2 Rbb3 71. Qg2
Re3 72. Qf2 Ra3 73. Qg1 Re4 74. Kg4 Rxa5 75. Kf3 Raa4 76. Qg6+ Kg8 77. Qg2
Rxf4+ 78. Ke3 Rxf5 79. Qc2 Re5+ 80. Kf3 Ra3+ 81. Kf4 Raa5 82. Qc4+ Kh7 83. Qc2+
f5 84. Qg2 Re4+ 85. Kf3 Ra3+ 0-1

[Event "Vellmar Chess Days"]
[Site "chess24.com"]
[Date "2015.08.07"]
[Round "3.20"]
[White "Kirschner, Philipp"]
[Black "Grosse-Hering, Peter"]
[Result "0-1"]
[WhiteElo "1646"]
[BlackElo "1995"]
[PlyCount "70"]
[EventDate "2015.??.??"]
[WhiteTeam "Germany"]
[BlackTeam "Germany"]
[WhiteTeamCountry "GER"]
[BlackTeamCountry "GER"]
[WhiteClock "0:16:02"]
[BlackClock "0:23:46"]

1. d4 Nf6 2. Nf3 g6 3. c4 Bg7 4. Nc3 O-O 5. e4 d6 6. Be2 Nc6 7. O-O e5 8. d5
Ne7 9. Ne1 Nd7 10. Be3 f5 11. f3 f4 12. Bf2 g5 13. Nb5 a6 14. Na7 Rxa7 15. Bxa7
b6 16. c5 dxc5 17. Qa4 a5 18. a3 Rf6 19. b4 axb4 20. axb4 Rh6 21. Ba6 Bxa6 22.
Qxa6 cxb4 23. Qc4 Kh8 24. Nd3 Bf8 25. Rfc1 c6 26. Nxb4 cxd5 27. Nxd5 Nc6 28.
Ra6 Bc5+ 29. Kf1 Rxh2 30. Qa4 Rh1+ 31. Ke2 Rxc1 32. Qxc6 Be3 33. Qb5 Qc8 34.
Nxe3 Qc3 35. Bxb6 Qe1+ 0-1

[Event "Vellmar Chess Days"]
[Site "chess24.com"]
[Date "2015.08.07"]
[Round "3.21"]
[White "Knoth, Eugen"]
[Black "Meise, Jan"]
[Result "1-0"]
[WhiteElo "1993"]
[BlackElo "1816"]
[PlyCount "95"]
[EventDate "2015.??.??"]
[WhiteTeam "Germany"]
[BlackTeam "Germany"]
[WhiteTeamCountry "GER"]
[BlackTeamCountry "GER"]
[WhiteClock "0:42:47"]
[BlackClock "0:29:09"]

1. d4 Nf6 2. Nf3 g6 3. Bf4 Bg7 4. e3 d6 5. h3 O-O 6. Be2 Qe8 7. O-O Nbd7 8. c4
e5 9. Bh2 Ne4 10. Nbd2 Nxd2 11. Qxd2 e4 12. Ne1 f5 13. Rc1 Nf6 14. c5 d5 15.
Bxc7 g5 16. Kh2 Bd7 17. Bd6 Rf7 18. Rh1 Qe6 19. Nc2 Ne8 20. Bg3 Bh6 21. Be5 Ng7
22. Kg1 Qg6 23. g3 f4 24. g4 Ne8 25. Nb4 Qe6 26. Qc3 Rc8 27. Nxd5 Qxd5 28. Bc4
Qc6 29. Qb3 Qg6 30. Bxf7+ Qxf7 31. Qxb7 Qe6 32. Qb3 Nc7 33. Bxc7 Qxb3 34. axb3
Rxc7 35. Kh2 Be6 36. Rc3 Kf7 37. Ra1 Bg7 38. b4 Bc8 39. Rca3 a6 40. b5 Rb7 41.
Rxa6 Rxb5 42. Rb6 Rxb6 43. cxb6 Ke6 44. Ra7 Bxd4 45. exd4 e3 46. fxe3 fxe3 47.
Kg1 Kd5 48. b7 1-0

[Event "Vellmar Chess Days"]
[Site "chess24.com"]
[Date "2015.08.07"]
[Round "3.22"]
[White "Kuschel, Heidi"]
[Black "Boele, Martijn"]
[Result "0-1"]
[WhiteElo "1713"]
[BlackElo "1992"]
[PlyCount "100"]
[EventDate "2015.??.??"]
[WhiteTeam "Germany"]
[BlackTeam "Netherlands"]
[WhiteTeamCountry "GER"]
[BlackTeamCountry "NED"]
[WhiteClock "0:16:38"]
[BlackClock "0:47:14"]

1. Nf3 b5 2. g3 Bb7 3. Bg2 e6 4. O-O c5 5. c3 Nf6 6. d4 Qb6 7. e3 Be7 8. Bd2
O-O 9. b4 d6 10. bxc5 dxc5 11. a4 a6 12. axb5 axb5 13. Rxa8 Bxa8 14. Na3 cxd4
15. Qb3 dxc3 16. Bxc3 Nbd7 17. Bxf6 Nxf6 18. Qxb5 Qa7 19. Nc4 Qa2 20. Nfd2 Bxg2
21. Kxg2 Rd8 22. Nb3 Ng4 23. h3 Qa8+ 24. Kg1 Rd5 25. Qb6 Rh5 26. Ra1 Qf3 27.
Qb8+ Bf8 28. Qf4 Qxf4 29. exf4 Rxh3 30. Ra8 g6 31. Ne5 Nxe5 32. fxe5 Rh5 33. f4
Kg7 34. Ra4 g5 35. Kg2 gxf4 36. gxf4 Rh6 37. Rc4 Rg6+ 38. Kf3 h5 39. Nd2 Rg4
40. Nf1 Kg6 41. Rc2 Bh6 42. Rc4 Kh7 43. Nh2 Rg8 44. Nf1 Ra8 45. Kg3 Ra3+ 46.
Kh4 Rf3 47. Ng3 Rxf4+ 48. Rxf4 Bxf4 49. Nxh5 Bxe5 50. Kg4 Kg6 0-1

[Event "Vellmar Chess Days"]
[Site "chess24.com"]
[Date "2015.08.07"]
[Round "3.25"]
[White "Koerber, Thomas"]
[Black "Calvi, Stefan"]
[Result "0-1"]
[WhiteElo "1798"]
[BlackElo "2041"]
[PlyCount "130"]
[EventDate "2015.??.??"]
[WhiteTeam "Germany"]
[BlackTeam "Germany"]
[WhiteTeamCountry "GER"]
[BlackTeamCountry "GER"]
[WhiteClock "0:59:14"]
[BlackClock "0:09:18"]

1. e4 c5 2. c4 Nc6 3. Nc3 g6 4. Nf3 Bg7 5. Bd3 d6 6. h3 Nf6 7. O-O O-O 8. Re1
Ne8 9. a3 Nc7 10. Rb1 Ne6 11. Ne2 b6 12. Bc2 Bb7 13. d3 Ned4 14. Nexd4 Nxd4 15.
Ba4 e5 16. Nh2 f5 17. f3 h5 18. Be3 Rc8 19. Bxd4 cxd4 20. b4 Bh6 21. Bb3 Kh7
22. Rb2 Rc7 23. Rf1 Be3+ 24. Kh1 Bc8 25. Qe1 h4 26. Qe2 Qg5 27. Rd1 Bf4 28. Nf1
Bg3 29. b5 Be6 30. a4 Rcf7 31. Nd2 Bf4 32. Nf1 fxe4 33. dxe4 Bg3 34. Rd3 Rf4
35. Ra2 Qh5 36. Nd2 g5 37. a5 Qf7 38. axb6 axb6 39. Ra1 g4 40. hxg4 Bxg4 41.
fxg4 Rf2 42. Qd1 Qf4 43. Rf3 Qxd2 44. Qxd2 R8xf3 45. Qd1 Re3 46. g5 Rfe2 47.
Qf1 Re1 48. Rxe1 Rxe1 49. Kg1 Kg6 50. Qxe1 Bxe1 51. Kf1 Bc3 52. Bc2 Kxg5 53.
Kf2 Kf4 54. Bd3 Bd2 55. Ke2 Be3 56. Bc2 Kg3 57. Kf1 Bc1 58. Bd3 Bh6 59. Bc2 h3
60. gxh3 Kf3 61. h4 Ke3 62. Ke1 d3 63. Bd1 Kxe4 64. Kf2 Kd4 65. Kf3 e4+ 0-1

[Event "Vellmar Chess Days"]
[Site "chess24.com"]
[Date "2015.08.07"]
[Round "3.26"]
[White "Stuckenschneider, Martin"]
[Black "Lukas, Anne"]
[Result "1-0"]
[WhiteElo "1947"]
[BlackElo "1801"]
[PlyCount "143"]
[EventDate "2015.??.??"]
[WhiteTeam "Germany"]
[BlackTeam "Germany"]
[WhiteTeamCountry "GER"]
[BlackTeamCountry "GER"]
[WhiteClock "0:21:52"]
[BlackClock "0:50:54"]

1. d4 Nf6 2. c4 c5 3. d5 g6 4. Nc3 Bg7 5. e4 d6 6. f4 O-O 7. Nf3 e6 8. Bd3 exd5
9. cxd5 Bg4 10. O-O a6 11. a4 Ne8 12. h3 Bxf3 13. Qxf3 Nd7 14. Be3 Nc7 15. Rae1
Rb8 16. a5 b5 17. axb6 Rxb6 18. Qe2 Qb8 19. Bc1 Nb5 20. Nxb5 axb5 21. b3 Re8
22. Bb2 Bxb2 23. Qxb2 c4 24. Bc2 Qc7 25. bxc4 bxc4 26. Qd4 Qc5 27. Qxc5 Nxc5
28. Rf3 Rb4 29. Rfe3 f6 30. g4 Nd3 31. Rf1 Rb2 32. Bxd3 cxd3 33. Rd1 Re2 34.
Rdxd3 Rxe4 35. Rxe2 Rxe2 36. Rd4 g5 37. Kf1 Re3 38. fxg5 fxg5 39. Kg2 Kf7 40.
Rd2 Re5 41. Kf3 Kf6 42. Rd4 h6 43. Rd3 Re1 44. Kf2 Re4 45. Rf3+ Ke5 46. Rf5+
Kd4 47. Rf6 Kxd5 48. Rxh6 Re6 49. Rh5 Re5 50. h4 gxh4 51. Rxh4 Ke4 52. Rh1 Kf4
53. Rd1 d5 54. Rd4+ Kg5 55. Kf3 Kh4 56. Kf4 Rg5 57. Kf3 Kh3 58. Rd1 Kh2 59. Kf4
Rg8 60. Rxd5 Rf8+ 61. Rf5 Rg8 62. Rf7 Kh3 63. g5 Rg6 64. Rf6 Rg8 65. Kf5 Kg3
66. g6 Kh4 67. Rf7 Ra8 68. Rh7+ Kg3 69. g7 Ra5+ 70. Ke6 Ra8 71. Rh8 Ra6+ 72.
Kd5 1-0

[Event "Vellmar Chess Days"]
[Site "chess24.com"]
[Date "2015.08.07"]
[Round "3.27"]
[White "Wastian, Jan"]
[Black "Mueller, Joachim"]
[Result "1-0"]
[WhiteElo "1760"]
[BlackElo "1923"]
[PlyCount "63"]
[EventDate "2015.??.??"]
[WhiteTeam "Germany"]
[BlackTeam "Germany"]
[WhiteTeamCountry "GER"]
[BlackTeamCountry "GER"]
[WhiteClock "0:28:27"]
[BlackClock "0:28:36"]

1. e4 c5 2. c3 d5 3. exd5 Qxd5 4. d4 e6 5. Na3 a6 6. Nc4 Nd7 7. Nf3 Ngf6 8. Be3
b5 9. Nce5 cxd4 10. Bxd4 Be7 11. Bd3 Nxe5 12. Bxe5 Bb7 13. Qe2 Rd8 14. Bc2 h6
15. O-O O-O 16. Rfd1 Qc6 17. Qf1 Nh7 18. Nd4 Qb6 19. Qd3 f5 20. Qg3 Bg5 21. Bc7
f4 22. Bxh7+ Kh8 23. Bxb6 fxg3 24. hxg3 Rxd4 25. Rxd4 Kxh7 26. Rd7 Bd5 27. Bd4
Bf6 28. Bxf6 Rxf6 29. a4 bxa4 30. Rd6 Bb3 31. Rxa6 Rf5 32. R6xa4 1-0

[Event "Vellmar Chess Days"]
[Site "chess24.com"]
[Date "2015.08.07"]
[Round "3.29"]
[White "Koenig, Friedrich Theodor"]
[Black "Freier, Werner"]
[Result "1/2-1/2"]
[WhiteElo "1730"]
[BlackElo "1912"]
[PlyCount "41"]
[EventDate "2015.??.??"]
[WhiteTeam "Germany"]
[BlackTeam "Germany"]
[WhiteTeamCountry "GER"]
[BlackTeamCountry "GER"]
[WhiteClock "0:25:50"]
[BlackClock "0:34:38"]

1. c4 e6 2. d4 d5 3. Nc3 c5 4. cxd5 exd5 5. Nf3 Nc6 6. dxc5 d4 7. Ne4 Bf5 8.
Ned2 Bxc5 9. g3 Qe7 10. a3 d3 11. Nb3 Bb6 12. e3 Nf6 13. Bg2 O-O 14. O-O Rad8
15. Nbd2 h6 16. b3 Rfe8 17. Bb2 Ng4 18. Nc4 Bc7 19. Rc1 Rd7 20. h3 Nge5 21.
Ncxe5 1/2-1/2

[Event "Vellmar Chess Days"]
[Site "chess24.com"]
[Date "2015.08.07"]
[Round "3.30"]
[White "Linke, Michael"]
[Black "Reitz, Philipp"]
[Result "1/2-1/2"]
[WhiteElo "1840"]
[BlackElo "1773"]
[PlyCount "46"]
[EventDate "2015.??.??"]
[WhiteTeam "Germany"]
[BlackTeam "Germany"]
[WhiteTeamCountry "GER"]
[BlackTeamCountry "GER"]
[WhiteClock "1:02:14"]
[BlackClock "0:36:28"]

1. Nf3 Nf6 2. c4 g6 3. Nc3 c5 4. d4 cxd4 5. Nxd4 Bg7 6. e4 d6 7. Be2 Nc6 8. Nc2
Bd7 9. Be3 Qc7 10. f3 a6 11. Qd2 Ne5 12. b3 O-O 13. O-O Rac8 14. Rac1 Be6 15.
Nd5 Bxd5 16. cxd5 Qb8 17. Nb4 Ned7 18. Rxc8 Rxc8 19. Rc1 Nc5 20. Qc2 Nfd7 21.
Qd2 Nf6 22. Qc2 Nfd7 23. Qd2 Nf6 1/2-1/2

[Event "Vellmar Chess Days"]
[Site "chess24.com"]
[Date "2015.08.07"]
[Round "3.31"]
[White "Kanbach, Mike"]
[Black "Schnegelsberg, Karl-Heinz"]
[Result "1-0"]
[WhiteElo "1872"]
[BlackElo "2006"]
[PlyCount "97"]
[EventDate "2015.??.??"]
[WhiteTeam "Germany"]
[BlackTeam "Germany"]
[WhiteTeamCountry "GER"]
[BlackTeamCountry "GER"]
[WhiteClock "0:20:32"]
[BlackClock "0:12:29"]

1. d4 Nf6 2. Nf3 g6 3. Nbd2 d5 4. b4 Bg7 5. Bb2 O-O 6. e3 Nbd7 7. Be2 a5 8. b5
c5 9. c4 b6 10. O-O Bb7 11. Rc1 e6 12. Qc2 Rc8 13. Qb1 Qe7 14. Rfe1 Rfd8 15. h3
Ba8 16. Bd3 cxd4 17. exd4 dxc4 18. Bxc4 Bh6 19. Rc2 Nd5 20. Bf1 Rxc2 21. Qxc2
Bf4 22. a3 Bd6 23. Ne4 Bxa3 24. Bxa3 Qxa3 25. Qd2 Qf8 26. Qg5 Rc8 27. Qg3 Rc2
28. Neg5 Rc3 29. Qh4 h6 30. Ne4 Rc8 31. Qg3 N5f6 32. Nd6 Rc3 33. Nc4 Bxf3 34.
gxf3 Nd5 35. Nd2 N7f6 36. Ne4 Nxe4 37. Rxe4 Nf6 38. Rh4 Rc8 39. Qe5 Qg7 40. Qd6
g5 41. Re4 Nxe4 42. fxe4 Qf6 43. Qxb6 Qd8 44. Qa7 Qc7 45. Qa6 Rb8 46. Qc6 Qxc6
47. bxc6 Rb6 48. d5 exd5 49. exd5 1-0

[Event "Vellmar Chess Days"]
[Site "chess24.com"]
[Date "2015.08.07"]
[Round "3.33"]
[White "Hilgert, Viktor"]
[Black "Rehbein, Ullrich"]
[Result "0-1"]
[WhiteElo "1905"]
[BlackElo "1832"]
[PlyCount "36"]
[EventDate "2015.??.??"]
[WhiteTeam "Germany"]
[BlackTeam "Germany"]
[WhiteTeamCountry "GER"]
[BlackTeamCountry "GER"]
[WhiteClock "0:49:50"]
[BlackClock "0:53:35"]

1. d4 d5 2. c4 e5 3. Nf3 e4 4. Nfd2 c6 5. e3 f5 6. Nc3 Nf6 7. cxd5 cxd5 8. Bb5+
Nc6 9. a3 Bd6 10. f4 exf3 11. Nxf3 O-O 12. O-O a6 13. Bd3 Ne4 14. Qb3 Kh8 15.
Qc2 Be6 16. b4 Rc8 17. Bxe4 fxe4 18. Nd2 Qh4 0-1